Art - Statistics

General Stats
  • This quiz has been taken 3 times
  • The average score is 3 of 10
Answer Stats
Hint Answer % Correct
Swirly lights Starry Night
100%
Naked woman without arms Venus de Milo
67%
Old lady in black sitting down Whistler's Mother
67%
Nude woman on a shell The Birth of Venus
33%
Guy with a sling David
0%
Girl with a sparkly ear decoration Girl with a Pearl Earring
0%
Ugly man painted by Godfrey Kneller Isaac Newton
0%
Naked women Dancing The Dance
0%
Mermaid with no seashell bra The Little Mermaid
0%
Dude with SOOOO many arms Vitruvian Man
0%
No matching quizzes found
Score Distribution
Percent of People with Each Score
Percentile by Number Answered
Your Score History
You have not taken this quiz